00503cam a2200169u 450000100100000000500170001000800410002701000130006804000240008105000170010510000380012224500300016026000840019030000340027450000120030865000130032000001077120200929162305.0831004m19679999pr |||||||||| 0 | spa  a68064625 aDO-SdBNPcCarPdDLC00aQC25b.N39181 aNedelsky, Leo. [from old catalog]10aIntroduccion a la fisica. a[San Juan, :bP.T., Editorial del Departamento de Instruccion Publica,c1967-]. av. :billus., port. ;c25 cm. aSerial. 0aPhysics.